[Event "10. ArberSchach Festival Open 2023"]
[Site "Bodenmais"]
[Date "2023.08.05"]
[Round "1.2"]
[White "Blumenstock, Axel"]
[Black "Sandner, Gunter"]
[Result "0-1"]
[WhiteElo "1823"]
[BlackElo "2238"]
[Annotator "walte"]
[PlyCount "82"]
[EventDate "2023.??.??"]
[WhiteTeam "SF Taunus"]
[BlackTeam "SK König Plauen"]

{[%evp 0,18,24,43,50,50,48,38,68,33,22,11,9,-12,-7,-43,-75,-79,-30,-62,18]} 1.
e4 c5 2. Nc3 Nc6 3. Bb5 g6 4. Bxc6 bxc6 5. d3 Bg7 6. Be3 d6 7. f4 Rb8 8. Bc1
Qa5 9. Qd2 e5 10. Nge2 exf4 11. Qxf4 Qc7 12. Qf2 Nf6 13. h3 O-O 14. O-O Be6 15.
b3 Nd7 16. Bb2 Rbe8 17. Na4 Ne5 18. Rad1 f5 19. Qe3 Qe7 20. d4 cxd4 21. Bxd4 c5
22. Nxc5 dxc5 23. Bxc5 Qc7 24. c4 Rf7 25. Bd6 Qc8 26. Qg3 Nc6 27. exf5 Rxf5 28.
Rxf5 Bxf5 29. Nf4 Nd4 30. Kh1 Bc2 31. Rd2 Nf5 32. Qf2 Nxd6 33. Rxc2 Qf5 34. Nd5
Qxf2 35. Rxf2 Re1+ 36. Kh2 Be5+ 37. g3 Ne4 38. Rc2 Nxg3 39. Kg2 Nf5 40. c5 Rd1
41. Nc3 Rd3 0-1

[Event "10. ArberSchach Festival Open 2023"]
[Site "Bodenmais"]
[Date "2023.08.05"]
[Round "1.6"]
[White "Wltschek, Christian"]
[Black "Zenker, Ulrich"]
[Result "0-1"]
[WhiteElo "1808"]
[BlackElo "2156"]
[PlyCount "82"]
[EventDate "2023.??.??"]
[WhiteTeam "Post Regensburg"]
[BlackTeam "SU Ebersberg-Grafing"]

{[%evp 0,82,17,16,42,31,36,39,42,42,57,50,43,26,26,16,57,39,65,58,55,47,51,19,11,17,14,12,18,-1,14,-36,-30,-62,-62,-80,-65,-129,-136,-140,-133,-169,-161,-296,-158,-136,-148,-226,-239,-244,-243,-236,-235,-265,-190,-191,-197,-199,-198,-198,-192,-194,-165,-162,-179,-179,-173,-181,-169,-190,-207,-206,-205,-215,-249,-247,-263,-273,-188,-277,-293,-326,-344,-343,-313]} 1. e4 e6 2. d4 d5 3. Nc3 dxe4 4. Nxe4 Nd7 5. Bd3 Ngf6 6. Qe2 Be7 7. Nf3 Nxe4 8. Bxe4 c5 9. Be3 Qc7 10. O-O O-O 11. c3 Nf6 12. Bc2 b6 13. Ne5 Bb7 14. Bf4 Bd6 15. Bg3 Rac8 16. Rac1 cxd4 17. cxd4 Be4 18. Bxe4 Qxc1 19. Bd3 Qc7 20. Bh4 Nd5 21. a3 f5 22. Ba6 Qc2 23. Qf3 Bxe5 24. Bxc8 Rxc8 25. dxe5 Qxb2 26. Bg3 Qc3 27. Qxc3 Rxc3 28. Ra1 f4 29. Bh4 h6 30. f3 b5 31. Bf2 a6 32. Ba7 Kf7 33. Ra2 Kg6 34. Kf2 Kf5 35. Bb8 Ne3 36. g4+ fxg3+ 37. hxg3 Nc2 38. Bd6 h5 39. Kg2 Ne1+ 40. Kf2 Nxf3 41. a4 Nxe5 0-1

[Event "10. ArberSchach Festival Open 2023"]
[Site "Bodenmais"]
[Date "2023.08.05"]
[Round "1.8"]
[White "Botvinnik, Alexey"]
[Black "Rabus, Berthold"]
[Result "0-1"]
[WhiteElo "1806"]
[BlackElo "2131"]
[PlyCount "90"]
[EventDate "2023.??.??"]
[WhiteTeam "Brühler SK"]
[BlackTeam "SC Grunbach"]

{[%evp 0,90,17,17,17,10,26,26,30,36,46,22,22,22,38,42,29,5,19,23,13,16,53,-27,-14,-19,-16,2,6,-12,-26,-26,73,6,28,27,15,-29,-44,-41,-53,-99,-107,-100,-95,-97,-97,-82,-86,-109,-89,-116,-84,-84,-89,-101,-65,-86,-81,-113,-106,-105,-100,-131,-124,-179,-124,-116,-113,-128,-105,-103,-85,-125,-105,-119,-117,-137,-136,-151,-140,-149,-148,-173,-158,-171,-144,-182,-169,-540,-561,-567,-587]} 1. d4 d5 2. c4 c6 3. Nf3 Nf6 4. e3 e6 5. Be2 Nbd7 6. O-O Bd6 7. Nc3 O-O 8. a3 dxc4 9. Bxc4 e5 10. Qc2 Qe7 11. Bd3 Re8 12. Ng5 h6 13. Nge4 Bc7 14. Bd2 Nxe4 15. Nxe4 Qh4 16. g3 Qh3 17. Rfe1 Nb6 18. Nc3 Bg4 19. Bf1 Qh5 20. Be2 exd4 21. Bxg4 Qxg4 22. exd4 Qxd4 23. Be3 Qc4 24. b3 Qg4 25. Rad1 Rad8 26. Rxd8 Bxd8 27. Qd2 Qe6 28. Qd1 Bf6 29. Bd2 Qd7 30. Rxe8+ Qxe8 31. Qf3 Qe6 32. Ne4 Be7 33. a4 Nd5 34. Nc3 Nxc3 35. Qxc3 Qe4 36. b4 Bf6 37. Qb3 Bd4 38. Qd1 b6 39. Bf4 a6 40. a5 bxa5 41. bxa5 c5 42. Bc7 Bc3 43. Qd8+ Kh7 44. Qf8 Qb1+ 45. Kg2 Qb7+ 0-1

[Event "10. ArberSchach Festival Open 2023"]
[Site "Bodenmais"]
[Date "2023.08.05"]
[Round "1.9"]
[White "Herbold, Manfred"]
[Black "Nahlik, Bernhard"]
[Result "1/2-1/2"]
[WhiteElo "2113"]
[BlackElo "1797"]
[PlyCount "130"]
[EventDate "2023.??.??"]
[WhiteTeam "TSG Eisenberg Schach"]
[BlackTeam "SC Ansbach"]

{[%evp 0,100,17,16,59,62,62,31,56,49,49,49,41,21,39,15,23,5,20,28,35,31,42,-16,12,6,9,7,14,6,3,16,10,-14,-4,4,38,28,30,-14,-17,-12,-11,-22,-1,-1,0,0,0,0,0,-19,-21,-26,-3,-14,30,18,35,18,47,-199,-193,-319,-307,-348,-347,-347,-347,-365,-348,-340,-333,-348,-326,-356,-379,-359,-371,-379,-340,-331,-308,-319,-324,-349,-289,-289,-290,-294,-277,-318,-310,-342,-273,-273,-306,-292,-298,-316,-304,-312,-105]} 1. e4 d6 2. d4 Nf6 3. f3 g6 4. Nc3 Bg7 5. Be3 O-O 6. Qd2 c6 7. h4 h5 8. Bh6 Qa5 9. Bxg7 Kxg7 10. Nge2 e5 11. Nc1 exd4 12. Qxd4 Qb6 13. Nb3 Qxd4 14. Nxd4 Be6 15. O-O-O d5 16. exd5 Bxd5 17. Ndb5 Rc8 18. Nd6 Rc7 19. Nxd5 cxd5 20. Nb5 Rd7 21. g3 Nc6 22. Bh3 Re7 23. Rhe1 Rae8 24. Rxe7 Rxe7 25. Kd2 a6 26. Nd6 Nd4 27. Rf1 Rc7 28. c3 Ne6 29. Re1 Rc6 30. Nxf7 Kxf7 31. g4 Nf4 32. Bf1 hxg4 33. fxg4 Nxg4 34. Bd3 Nxd3 35. Kxd3 Nf6 36. b3 Re6 37. Rh1 Re4 38. c4 dxc4+ 39. bxc4 Re6 40. c5 Nh5 41. Rb1 Re7 42. Rb6 Ng3 43. c6 bxc6 44. Rxa6 Rc7 45. Kc4 Nf5 46. Kc5 Ne7 47. a4 Rd7 48. Ra8 Rd5+ 49. Kb6 Rh5 50. a5 Rxh4 51. a6 Rb4+ 52. Kc7 Ra4 53. a7 c5 54. Kb7 Ke6 55. Rb8 Rb4+ 56. Kc7 Ra4 57. a8=Q Rxa8 58. Rxa8 Kd5 59. Re8 Nf5 60. Rg8 Nh4 61. Kb6 c4 62. Rd8+ Ke5 63. Kc5 c3 64. Rd5+ Kf4 65. Rd4+ Kg5 1/2-1/2

[Event "10. ArberSchach Festival Open 2023"]
[Site "Bodenmais"]
[Date "2023.08.05"]
[Round "1.12"]
[White "Nebe, Hartmut"]
[Black "Laqua, Christian"]
[Result "0-1"]
[WhiteElo "1766"]
[BlackElo "2082"]
[PlyCount "92"]
[EventDate "2023.??.??"]
[WhiteTeam "SK Ettlingen"]
[BlackTeam "SC Diogenes"]

{[%evp 0,92,25,23,69,74,74,39,39,39,55,55,53,26,49,-34,6,9,8,22,18,14,25,25,-1,31,23,21,21,22,11,7,34,0,0,-48,-29,-49,-61,-40,-53,-41,-45,-57,-50,-43,-49,-93,-95,-93,-93,-103,-79,-131,-147,-137,-126,-137,-137,-123,-137,-201,-189,-241,-246,-240,-240,-245,-229,-258,-258,-224,-255,-591,-276,-326,-284,-369,-358,-353,-380,-380,-376,-457,-485,-528,-541,-545,-553,-553,-550,-560,-559,-1276,-1746]} 1. e4 Nf6 2. e5 Nd5 3. d4 d6 4. Nf3 dxe5 5. Nxe5 c6 6. c4 Nb4 7. Nd3 Nxd3+ 8. Qxd3 g6 9. Nc3 Bf5 10. Qd1 Bg7 11. Be3 O-O 12. Be2 Qc7 13. Rc1 Rd8 14. O-O Na6 15. d5 e6 16. g4 exd5 17. cxd5 Be6 18. Bf3 Bxc3 19. Rxc3 Bxd5 20. Bxd5 Rxd5 21. Qxd5 cxd5 22. Rxc7 Nxc7 23. Rc1 Ne6 24. h4 d4 25. Bd2 Kf8 26. f4 f5 27. gxf5 gxf5 28. Kf2 Kf7 29. Kf3 Rg8 30. Be1 Rg1 31. a4 Rf1+ 32. Ke2 Rxf4 33. a5 Re4+ 34. Kd3 a6 35. Bf2 Kf6 36. Rc2 Ke5 37. Kd2 Kf4 38. Rc8 Kf3 39. Be1 Re2+ 40. Kd1 Rxb2 41. Rh8 Rb1+ 42. Kd2 Nc5 43. Rxh7 Ne4+ 44. Kd3 Rxe1 45. Kxd4 Kf4 46. Rxb7 Rd1+ 0-1

[Event "10. ArberSchach Festival Open 2023"]
[Site "Bodenmais"]
[Date "2023.08.05"]
[Round "1.13"]
[White "Kneutgen, Alexander"]
[Black "Malditz, Dieter"]
[Result "1-0"]
[WhiteElo "2061"]
[BlackElo "1765"]
[PlyCount "57"]
[EventDate "2023.??.??"]
[WhiteTeam "SG Niederkassel"]
[BlackTeam "SK Ludwigshafen"]

{[%evp 0,57,25,20,19,-9,-12,-4,26,3,18,10,7,4,11,-5,8,-24,15,19,62,54,45,48,41,0,141,119,130,106,184,151,151,124,167,157,176,137,137,137,156,151,155,113,113,117,155,121,127,149,151,169,244,206,460,480,560,581,934,1008]} 1. Nf3 d5 2. g3 Nf6 3. Bg2 g6 4. O-O Bg7 5. d4 O-O 6. c4 c6 7. a4 Re8 8. a5 Na6 9. cxd5 cxd5 10. Nc3 Nb4 11. Bf4 Nc6 12. Nb5 e5 13. Nxe5 Re7 14. a6 Nh5 15. Rc1 Nxf4 16. gxf4 Nxe5 17. dxe5 Be6 18. Nd6 bxa6 19. Bxd5 Rb8 20. Bxe6 Rxe6 21. Qd3 Bf8 22. Rfd1 Qh4 23. Qg3 Qxg3+ 24. hxg3 Rxb2 25. Rc8 f6 26. Nc4 Rb7 27. Rdd8 Rf7 28. Nd6 Ree7 29. Nxf7 1-0

[Event "10. ArberSchach Festival Open 2023"]
[Site "Bodenmais"]
[Date "2023.08.05"]
[Round "1.14"]
[White "Siegismund, Bernd"]
[Black "Stupperich, Reiner"]
[Result "1/2-1/2"]
[WhiteElo "1764"]
[BlackElo "2037"]
[PlyCount "62"]
[EventDate "2023.??.??"]
[WhiteTeam "SK Bad Schwalbach"]
[BlackTeam "SF Lennestadt"]

{[%evp 0,62,19,14,64,15,44,39,55,47,46,47,40,24,23,-8,9,-6,-9,-10,-15,-20,-20,-33,-14,-29,-25,-25,-17,-19,-2,0,9,39,46,40,41,-31,-14,-22,-52,-43,-52,-34,-53,-53,-46,-93,-89,-128,-128,-128,-28,-32,-49,-63,-55,-51,-37,-45,-45,-37,-11,-48,-23]} 1. e4 c5 2. c3 g6 3. d4 cxd4 4. cxd4 d5 5. e5 Nc6 6. Nf3 Bg4 7. Be2 Nh6 8. O-O Nf5 9. Be3 Nxe3 10. fxe3 Bh6 11. Qd2 O-O 12. Nc3 f6 13. h3 Be6 14. Bb5 fxe5 15. Bxc6 bxc6 16. Nxe5 Qd6 17. Na4 Bg7 18. Nf3 Bf5 19. Rac1 Be4 20. Ng5 Rxf1+ 21. Rxf1 Bf5 22. Nc3 e5 23. g4 exd4 24. exd4 Qg3+ 25. Kh1 Bh6 26. gxf5 Bxg5 27. Qg2 Qxg2+ 28. Kxg2 Be3 29. fxg6 Bxd4 30. gxh7+ Kg7 31. Rc1 Rf8 1/2-1/2

[Event "10. ArberSchach Festival Open 2023"]
[Site "Bodenmais"]
[Date "2023.08.05"]
[Round "1.15"]
[White "Hein, Ralf"]
[Black "Braun, Hans"]
[Result "1/2-1/2"]
[WhiteElo "2020"]
[BlackElo "1761"]
[PlyCount "88"]
[EventDate "2023.??.??"]
[WhiteTeam "SC Diogenes"]
[BlackTeam "SG Ludwigsburg"]

{[%evp 0,88,19,22,32,24,72,25,38,-37,18,-52,-13,-45,0,-28,-19,-19,2,-7,-16,-19,-16,-8,-8,-24,-16,-37,-37,-21,-27,-19,9,-9,1,-4,-5,-11,-15,-9,-13,-32,-21,-3,-25,-45,-30,-32,-31,-42,-41,-34,-42,-54,-39,-42,-32,-45,-34,-74,-63,-62,-55,-62,-62,-63,-81,-80,-63,-93,-58,-97,-94,-93,-60,-50,-41,-36,-32,-32,-39,-31,-34,-38,-29,-31,-31,-28,-39,-36,-29]} 1. e4 d5 2. exd5 Qxd5 3. d4 e5 4. Be3 exd4 5. Qxd4 Qxd4 6. Bxd4 Bf5 7. c3 Nc6 8. Bb5 Bd7 9. Ne2 a6 10. Bxc6 Bxc6 11. O-O O-O-O 12. a4 Nh6 13. Ng3 f6 14. Nd2 Nf7 15. Rfd1 Bd6 16. Nf5 Rhg8 17. Nc4 Bf8 18. b4 Bd7 19. Nfe3 Nd6 20. h3 Be6 21. Nd2 Nf5 22. Nf3 Nxe3 23. Bxe3 Rxd1+ 24. Rxd1 Bb3 25. Ra1 Bc4 26. b5 a5 27. Nd2 Bf7 28. b6 c6 29. Nf3 Be7 30. Nd4 Rd8 31. Rb1 Bd6 32. Nf5 Bf8 33. Nd4 Bd5 34. Bf4 Bc5 35. Bc7 Re8 36. Rd1 Bxd4 37. Rxd4 Re4 38. f3 Rxd4 39. cxd4 Kd7 40. Bf4 Bb3 41. Bd2 Ke6 42. Bxa5 Kd5 43. Bb4 Bxa4 44. Bc5 Ke6 1/2-1/2

[Event "10. ArberSchach Festival Open 2023"]
[Site "Bodenmais"]
[Date "2023.08.05"]
[Round "1.16"]
[White "Kuppinger, Bernd"]
[Black "Paus, Franz"]
[Result "1-0"]
[WhiteElo "1759"]
[BlackElo "2014"]
[PlyCount "53"]
[EventDate "2023.??.??"]
[WhiteTeam "SC Waldbronn"]
[BlackTeam "Schachfüchse Kempen"]

{[%evp 0,53,22,19,26,9,60,43,57,76,56,60,59,45,47,38,45,4,29,27,20,16,42,42,43,38,21,37,47,49,37,36,53,65,64,69,83,71,103,129,107,114,115,124,100,103,182,187,226,242,510,522,595,603,608,535]} 1. d4 Nf6 2. c4 g6 3. Nc3 d5 4. cxd5 Nxd5 5. e4 Nxc3 6. bxc3 Bg7 7. Bc4 O-O 8. h3 c5 9. Nf3 Nc6 10. Be3 Qa5 11. O-O Qxc3 12. Rc1 Qa3 13. dxc5 Na5 14. Bd5 e6 15. Bb3 Nxb3 16. axb3 Qa6 17. Qd6 Qc6 18. e5 Bd7 19. Rfd1 Qxd6 20. cxd6 Bc6 21. Bg5 Bxf3 22. gxf3 Bxe5 23. Be7 Rfe8 24. d7 Rxe7 25. Rc8+ Rxc8 26. dxc8=Q+ Kg7 27. Rd7 1-0

[Event "10. ArberSchach Festival Open 2023"]
[Site "Bodenmais"]
[Date "2023.08.05"]
[Round "1.22"]
[White "Kühnl, Bernd"]
[Black "Wimmer, Alfred"]
[Result "0-1"]
[WhiteElo "1719"]
[BlackElo "1989"]
[PlyCount "92"]
[EventDate "2023.??.??"]
[WhiteTeam "VfL Gera"]
[BlackTeam "SC Moosburg"]

{[%evp 0,92,22,19,15,-12,15,-1,18,-10,-3,-11,-3,-22,-15,-18,-1,-35,-17,-37,-10,-13,25,33,23,11,8,9,0,-3,6,-52,-46,-42,-23,-27,-41,-56,-43,-46,-50,-50,-41,-52,-33,-44,-45,-66,-41,-131,-4,11,10,9,7,-53,-10,0,1,4,0,0,0,0,0,0,0,-5,0,0,0,0,0,-18,0,0,11,-27,-41,-48,-83,-93,-93,-100,-96,-109,-51,-113,-156,-150,-190,-195,-202,-264,-251]} 1. Nf3 d5 2. g3 Bg4 3. Bg2 Nf6 4. O-O Nbd7 5. b3 e5 6. Bb2 Bd6 7. d3 O-O 8. Qe1 Qe7 9. e4 dxe4 10. dxe4 Bxf3 11. Bxf3 a5 12. Nc3 c6 13. a4 Rfd8 14. Qe2 Nf8 15. Bg4 Nxg4 16. Qxg4 Rd7 17. Rad1 Rad8 18. Rd2 Bc5 19. Rxd7 Rxd7 20. Rd1 Qf6 21. Qe2 Bd4 22. Rd3 Ne6 23. Kg2 Rd8 24. Nd1 Qe7 25. Qd2 b6 26. Bxd4 exd4 27. c3 dxc3 28. Rxd8+ Qxd8 29. Qxd8+ Nxd8 30. Nxc3 Ne6 31. Nb1 Nc5 32. Nd2 b5 33. f3 Kf8 34. Kf2 Ke7 35. Ke3 Kd6 36. Kd4 f6 37. Kc3 bxa4 38. b4 axb4+ 39. Kxb4 Nd3+ 40. Kxa4 Ke5 41. Kb3 Kd4 42. Kc2 c5 43. Kd1 Ke3 44. f4 Nf2+ 45. Ke1 Nxe4 46. Nb3 c4 0-1

[Event "10. ArberSchach Festival Open 2023"]
[Site "Bodenmais"]
[Date "2023.08.05"]
[Round "1.24"]
[White "Eißmann, Olaf"]
[Black "Wickert, Detlef"]
[Result "1-0"]
[WhiteElo "1715"]
[BlackElo "1963"]
[PlyCount "105"]
[EventDate "2023.??.??"]
[WhiteTeam "Stuttgarter SF"]
[BlackTeam "TSV Cadenberge"]

{[%evp 0,105,22,24,64,49,80,56,77,49,49,38,53,44,73,55,64,39,35,23,35,3,22,19,30,16,24,19,19,0,0,-111,-105,-127,-172,-162,-176,-171,-73,-86,-30,0,-42,-29,-9,-94,-86,-71,-75,-71,0,-2,-2,0,9,0,113,166,169,169,309,333,331,342,346,337,380,290,429,435,441,439,440,452,460,510,488,336,359,344,325,352,357,370,386,310,304,327,328,326,423,326,438,364,516,421,439,494,515,536,532,647,647,704,741,741,743,587]} 1. e4 c5 2. Nf3 d6 3. Nc3 Nf6 4. d4 cxd4 5. Nxd4 a6 6. Bc4 e6 7. Bg5 Be7 8. a3 h6 9. Be3 Nc6 10. f4 Bd7 11. Qf3 Rc8 12. Ba2 Qc7 13. O-O O-O 14. Rad1 Nxd4 15. Bxd4 e5 16. Be3 Bg4 17. Qg3 Bxd1 18. Rxd1 Nh5 19. Qg4 Nxf4 20. g3 h5 21. Qf3 Ne6 22. Nd5 Qd8 23. Bb6 Qd7 24. Bb3 Nc5 25. Bxc5 Rxc5 26. Qxh5 b5 27. Rf1 a5 28. Nb6 Qe8 29. Nd7 Qxd7 30. Bxf7+ Rxf7 31. Qxf7+ Kh7 32. Rf5 Qxf5 33. Qxf5+ Kh8 34. Qh5+ Kg8 35. Qe8+ Bf8 36. c3 b4 37. axb4 axb4 38. c4 Ra5 39. Qb8 Ra1+ 40. Kg2 Re1 41. Kf3 Rf1+ 42. Ke2 Rh1 43. Qxb4 Rxh2+ 44. Kf3 Rh1 45. Qd2 Rf1+ 46. Kg2 Ra1 47. b4 Kf7 48. c5 dxc5 49. bxc5 Ra7 50. Qd5+ Kf6 51. Qd8+ Kf7 52. c6 Be7 53. c7 1-0

[Event "10. ArberSchach Festival Open 2023"]
[Site "Bodenmais"]
[Date "2023.08.05"]
[Round "1.26"]
[White "Schnell, Franz"]
[Black "Schönfeld, Volker"]
[Result "0-1"]
[WhiteElo "1679"]
[BlackElo "1957"]
[PlyCount "104"]
[EventDate "2023.??.??"]
[WhiteTeam "SC Nusplingen"]
[BlackTeam "VfL Gera"]

{[%evp 0,104,22,19,26,26,53,50,39,42,39,25,38,8,18,20,71,53,31,-10,-21,-21,-17,-27,-27,-24,-24,-73,16,-87,33,-42,42,34,23,11,1,4,-8,-15,-16,-16,-25,-58,-21,-45,-32,-62,-69,-65,-68,-134,-134,-144,-10,-49,-22,-21,-21,-48,-21,-67,-76,-73,-60,-48,-48,-73,-73,-63,-68,-115,-115,-122,-115,-122,-131,-122,-108,-150,-115,-152,-162,-1598,-113,-143,-143,-143,-139,-139,-146,-126,-130,-187,-157,-294,-137,-196,-225,-648,-672,-720,-763,-780,-823,-1218,-888]} 1. d4 Nf6 2. Bf4 g6 3. Nc3 d5 4. e3 Bg7 5. Be2 O-O 6. h4 c6 7. h5 Nbd7 8. h6 Bh8 9. g4 Ne4 10. Nxe4 dxe4 11. c3 e5 12. Bg3 exd4 13. cxd4 Qa5+ 14. Qd2 Qd5 15. b3 Nb6 16. Rc1 Be6 17. Nh3 Qd7 18. Qd1 Bf6 19. Nf4 Be7 20. Nxe6 Qxe6 21. Qc2 Rac8 22. Qb2 Nd5 23. Bh4 f6 24. Rg1 Bb4+ 25. Kf1 g5 26. Bg3 Rf7 27. a3 Bf8 28. Rh1 f5 29. gxf5 Rxf5 30. Kg2 Rf6 31. Be5 Rxh6 32. Rxh6 Bxh6 33. Kg3 Rf8 34. Rh1 Bg7 35. Bxg7 Kxg7 36. Bg4 Qf6 37. Rh2 Qd6+ 38. Kg2 Qf6 39. Kg3 Ne7 40. Qc2 Nf5+ 41. Kg2 Nh4+ 42. Kf1 Qd6 43. Rxh4 gxh4 44. Qxe4 Qf6 45. f4 Rf7 46. Kf2 Qg6 47. f5 Qd6 48. Qg2 Kf6 49. b4 Rg7 50. Qh3 Qg3+ 51. Qxg3 hxg3+ 52. Kf3 g2 0-1

[Event "10. ArberSchach Festival Open 2023"]
[Site "Bodenmais"]
[Date "2023.08.06"]
[Round "2.1"]
[White "Geigle, Bruno"]
[Black "Pirrot, Dieter"]
[Result "0-1"]
[WhiteElo "1933"]
[BlackElo "2318"]
[PlyCount "50"]
[EventDate "2023.??.??"]
[WhiteTeam "SK Lauffen"]
[BlackTeam "SV Hofheim"]

{[%evp 0,50,22,24,38,36,36,32,39,21,8,-19,19,-29,-3,-27,27,-57,-54,-25,-27,-58,-47,-66,-31,-163,-179,-179,-160,-163,-48,-55,-36,-48,-54,-54,-20,-39,45,42,57,27,41,16,19,34,41,0,27,-21,-32,-39,-61]} 1. e4 e6 2. d4 d5 3. Nc3 Bb4 4. e5 c5 5. Qg4 Ne7 6. dxc5 Nbc6 7. Bd2 O-O 8. O-O-O Bxc5 9. Nf3 Ng6 10. Qh5 Bd7 11. Bd3 Nb4 12. Ng5 Nxd3+ 13. cxd3 h6 14. Nf3 Be8 15. d4 Bb4 16. Qg4 Rc8 17. Kb1 Rc4 18. Rc1 b5 19. h4 Kh7 20. Qh3 a5 21. g4 Bxc3 22. bxc3 b4 23. cxb4 Qb6 24. Ka1 axb4 25. Rb1 Bc6 0-1

[Event "10. ArberSchach Festival Open 2023"]
[Site "Bodenmais"]
[Date "2023.08.06"]
[Round "2.2"]
[White "Sandner, Gunter"]
[Black "Drews, Rüdiger"]
[Result "1-0"]
[WhiteElo "2238"]
[BlackElo "1894"]
[PlyCount "89"]
[EventDate "2023.??.??"]
[WhiteTeam "SK König Plauen"]
[BlackTeam "Mosbacher SC"]

{[%evp 0,89,24,26,26,25,26,18,24,11,20,18,34,12,-17,-10,19,24,84,47,69,54,54,35,36,45,32,39,45,19,39,39,56,60,48,55,72,55,49,23,26,18,15,28,33,12,12,12,15,-23,-12,-12,63,9,107,58,69,45,72,-52,-42,-35,179,178,245,157,216,209,280,280,319,261,298,333,333,348,346,363,395,401,377,417,434,434,416,447,494,507,513,514,532,487]} 1. d4 Nf6 2. Nf3 e6 3. g3 b6 4. Bg2 Bb7 5. O-O c5 6. c4 cxd4 7. Qxd4 d6 8. Nc3 a6 9. b3 Nbd7 10. Bb2 Be7 11. e4 Qc7 12. h3 O-O 13. Qe3 Rfe8 14. Rfe1 Rac8 15. Rad1 Qb8 16. Nd4 Bf8 17. Re2 Rcd8 18. Kh1 g6 19. Qc1 Bg7 20. Qc2 Rc8 21. Qd2 Rcd8 22. Qe1 Nc5 23. Kh2 h5 24. b4 Ncd7 25. b5 Ne5 26. bxa6 Ba8 27. Ndb5 Nxc4 28. Ba1 h4 29. Rd4 hxg3+ 30. fxg3 Ne5 31. a7 Qc8 32. Nxd6 Rxd6 33. Rxd6 Qc5 34. Rd1 b5 35. Kh1 Nh5 36. Qf2 Qxf2 37. Rxf2 b4 38. Ne2 Nc4 39. Bxg7 Kxg7 40. Rb1 Re7 41. Rxb4 Ne3 42. Ra4 e5 43. Rf3 Nxg2 44. Kxg2 Nf6 45. Nc3 1-0

[Event "10. ArberSchach Festival Open 2023"]
[Site "Bodenmais"]
[Date "2023.08.06"]
[Round "2.5"]
[White "Nagy, Laszlo"]
[Black "Senner, Peter"]
[Result "1-0"]
[WhiteElo "1894"]
[BlackElo "2158"]
[PlyCount "87"]
[EventDate "2023.??.??"]
[WhiteTeam "SG Vogtareuth-Prutting"]
[BlackTeam "SC TH/Bad Wörishofen"]

{[%evp 0,87,24,15,82,25,24,14,14,10,8,-5,-8,-3,-3,-15,-7,-9,-10,-16,-11,-11,-15,-13,-22,-14,-19,-21,-21,-39,-10,-25,-27,-37,-7,-21,2,-42,-31,-65,6,6,-4,19,45,47,135,120,113,109,140,145,210,219,228,120,176,176,176,209,279,174,175,172,172,101,118,133,188,168,246,237,237,247,239,256,290,297,651,654,667,659,730,740,816,872,953,970,29991,1030]} 1. Nf3 g6 2. g3 Bg7 3. Bg2 e5 4. c4 Nc6 5. d3 d6 6. Nc3 Nf6 7. Bg5 h6 8. Bxf6 Qxf6 9. Nd5 Qd8 10. O-O O-O 11. Nd2 Nd4 12. b4 c6 13. Nc3 f5 14. Rb1 f4 15. b5 Bg4 16. bxc6 bxc6 17. h3 Be6 18. Nce4 Qe7 19. g4 h5 20. e3 hxg4 21. exd4 gxh3 22. Bf3 d5 23. cxd5 Bxd5 24. Qc2 exd4 25. Kh2 Rf5 26. Rg1 Kh7 27. Rbe1 Be5 28. Rg4 Rh5 29. Reg1 Rh6 30. Qc5 Qxc5 31. Nxc5 Bxa2 32. Nde4 Kg7 33. Ra1 Bd5 34. Ra6 Bc7 35. Ng5 Bxf3 36. Nxf3 Bb6 37. Nd7 Re8 38. Nxb6 Re2 39. Rxa7+ Kg8 40. Kg1 Rb2 41. Nd7 Rb1+ 42. Kh2 Rb2 43. Nf6+ Kf8 44. Ne4 1-0

[Event "10. ArberSchach Festival Open 2023"]
[Site "Bodenmais"]
[Date "2023.08.06"]
[Round "2.8"]
[White "Rabus, Berthold"]
[Black "Reuter, Roland"]
[Result "1/2-1/2"]
[WhiteElo "2131"]
[BlackElo "1847"]
[PlyCount "88"]
[EventDate "2023.??.??"]
[WhiteTeam "SC Grunbach"]
[BlackTeam "SK Schwabach"]

{[%evp 0,88,24,26,26,9,43,31,39,24,28,4,4,11,33,2,17,9,74,21,23,33,36,49,68,55,71,72,62,50,163,172,180,124,103,110,125,104,113,105,143,109,142,122,-22,14,0,0,0,-216,-27,0,15,-5,16,-2,-42,-30,14,5,6,3,61,3,51,28,63,64,71,39,128,128,312,146,108,121,181,102,218,188,242,-253,-254,-257,-76,-76,-76,-89,-89,-95,-102]} 1. d4 Nf6 2. c4 g6 3. Nf3 Bg7 4. g3 O-O 5. Bg2 d5 6. O-O Bf5 7. Nc3 c6 8. cxd5 Nxd5 9. Qb3 Nb6 10. Bf4 a5 11. e4 Bd7 12. Rac1 Na6 13. Rfd1 Rc8 14. Be3 Bg4 15. h3 Bd7 16. a3 c5 17. d5 a4 18. Qc2 Nc4 19. Bf4 b5 20. Nxa4 Qa5 21. Nc3 b4 22. axb4 cxb4 23. Ra1 Qb6 24. b3 Bxc3 25. bxc4 Bxa1 26. Rxa1 Nc5 27. Be3 b3 28. Qb2 f6 29. Nd2 Qb4 30. Bf1 Ba4 31. Be2 Rc7 32. Kg2 Rd8 33. h4 Kf7 34. h5 Rh8 35. e5 e6 36. dxe6+ Nxe6 37. exf6 Rd8 38. Bf3 Rdd7 39. Bd5 Bc6 40. Qxb3 Qxb3 41. Nxb3 Bxd5+ 42. cxd5 Rxd5 43. hxg6+ hxg6 44. Ra6 Rd3 1/2-1/2

[Event "10. ArberSchach Festival Open 2023"]
[Site "Bodenmais"]
[Date "2023.08.06"]
[Round "2.12"]
[White "Bangert, Udo"]
[Black "Kneutgen, Alexander"]
[Result "1/2-1/2"]
[WhiteElo "1838"]
[BlackElo "2061"]
[PlyCount "144"]
[EventDate "2023.??.??"]
[WhiteTeam "SC Grunbach"]
[BlackTeam "SG Niederkassel"]

{[%evp 0,144,24,15,15,-8,-9,-21,-12,-1,8,10,5,13,20,8,5,13,12,15,54,20,51,65,75,68,68,39,45,43,46,48,48,30,37,41,41,41,42,48,48,22,48,29,61,42,69,30,71,63,70,63,83,56,61,56,58,40,98,72,74,65,82,54,58,35,27,11,68,62,86,66,77,50,71,68,79,73,74,70,75,100,90,67,85,61,31,61,40,56,59,-96,-57,-165,-149,-157,-157,-186,-170,-170,-153,-156,-151,-155,-152,-159,-164,-175,-193,-201,-144,-158,-143,-167,-149,-159,-149,-136,-139,-155,-149,-161,-161,-153,-153,-153,-140,-145,-140,-142,-143,-137,-136,-123,-103,-104,-57,-87,-76,-63,-75,-74,-75,-52,-54,-32,0]} 1. Nf3 d5 2. b3 Nf6 3. Bb2 e6 4. e3 Be7 5. c4 O-O 6. Nc3 c5 7. cxd5 exd5 8. d4 Nc6 9. Be2 Bg4 10. O-O Ne4 11. dxc5 Nxc3 12. Bxc3 Bxc5 13. h3 Bh5 14. Qd2 Qd6 15. Rfd1 Rad8 16. Qb2 Ba3 17. Qd2 Rfe8 18. Nd4 Bxe2 19. Nxe2 Bc5 20. Nd4 Ne5 21. Qc2 Bb6 22. Rac1 Rc8 23. Qf5 Nc6 24. Nb5 Qe6 25. Qxe6 Rxe6 26. Bd4 Bxd4 27. Nxd4 Ree8 28. Nf5 Rcd8 29. Rd2 g6 30. Nd4 Rc8 31. Nb5 Red8 32. Rcd1 a6 33. Nc3 Nb4 34. Ne2 Kf8 35. e4 Rc2 36. Rxc2 Nxc2 37. exd5 Nb4 38. Rd4 a5 39. Nc3 Rc8 40. Rc4 Rxc4 41. bxc4 Ke7 42. c5 Nd3 43. Na4 Nb4 44. d6+ Ke6 45. Nb6 Nxa2 46. Kf1 Nc3 47. Ke1 a4 48. Nc4 Ne4 49. d7 Kxd7 50. Nb6+ Kc6 51. Nxa4 Nxc5 52. Nb2 Kd5 53. f3 Kd4 54. Kd2 Ne6 55. Nd3 g5 56. g3 Ng7 57. Nf2 Nh5 58. Ne4 h6 59. Nd6 Nxg3 60. Nxb7 Ke5 61. Ke3 Nf5+ 62. Kf2 Kf4 63. Nd8 Nd6 64. Nc6 Nc4 65. Nd4 h5 66. Ne2+ Ke5 67. Kg3 f5 68. f4+ gxf4+ 69. Nxf4 h4+ 70. Kf3 Nd2+ 71. Ke3 Nc4+ 72. Kf3 Nd2+ 1/2-1/2